01126naa#a2200181#i#4500001001600000005001700016011001400033100004100047102000700088200031400095210020500409215001000614608004500624675014100669700005200810700005200862856003000914RU\\bibl\12344520260705230746.7##a1994-4683##a20230731b2023####ek#y0rusy0150####ca##aRU1#aСРАВНИТЕЛЬНАЯ ОЦЕНКА ПСИХОЛОГИЧЕСКОЙ УЯЗВИМОСТИ СТУДЕНТОВ СПОРТИВНЫХ И НЕ СПОРТИВНЫХ НАПРАВЛЕНИЙ ПОДГОТОВКИ К УПОТРЕБЛЕНИЮ ПСИХОАКТИВНЫХ ВЕЩЕСТВeЖурнальная статья1#aМоскваcНациональный государственный Университет физической культуры, спорта и здоровья им. П.Ф. Лесгафтаd2023##a5 с.##aЖурнальная статья2local##aПсихологические исследования, опыты, эксперименты, тесты, измерения. 159.9.072#1aГубинаgЮлия Владимировна#1aКозловgЮрий Владимирович4#auchzapiski.lesgaft.spb.ru